Избранное: [Для ст. шк. возраста : пер. с англ.]; Стихотворения и эпиграммы; Паломничество Чайльд-Гарольда; Гяур; Корсар; Сонет Шильону; Шильонский узник; Беппо; Каин; Видение суда; Бронзовый век; Дон-Жуан
| Հիմնական հեղինակ: | |
|---|---|
| Այլ հեղինակներ: | , |
| Ամփոփում: | Исключено из фонда НТБ ТПУ |
| Լեզու: | ռուսերեն |
| Հրապարակվել է: |
Кишинев, Лит. артистикэ, 1987
|
| TOC: | Стихотворения и эпиграммы; Паломничество Чайльд-Гарольда; Гяур; Корсар; Сонет Шильону; Шильонский узник; Беппо; Каин; Видение суда; Бронзовый век; Дон-Жуан; |
| Շարք: | Школьная библиотека |
| Ձևաչափ: | MixedMaterials Գիրք |
| KOHA link: | https://koha.lib.tpu.ru/cgi-bin/koha/opac-detail.pl?biblionumber=80687 |
MARC
| LEADER | 00000nam0a2200000 4500 | ||
|---|---|---|---|
| 001 | 80687 | ||
| 005 | 20231101213127.0 | ||
| 020 | |a RU |b 87-38616 | ||
| 035 | |a (RuTPU)RU\TPU\book\86731 | ||
| 090 | |a 80687 | ||
| 100 | |a 20050909d1987 m a0rusy5003 ca | ||
| 101 | 1 | |a rus |c eng | |
| 102 | |a MD | ||
| 105 | |a c z 000ay | ||
| 200 | 1 | |a Избранное |e [Для ст. шк. возраста : пер. с англ.] |f Дж. Н. Г. Байрон |g [сост., предисл. и коммент. Г. Усовой; Худож. Б. Б. Великголова] | |
| 210 | |a Кишинев |c Лит. артистикэ |d 1987 | ||
| 215 | |a 302,[1] с. |c ил. |d 21 см | ||
| 225 | 1 | |a Школьная библиотека | |
| 333 | |a Исключено из фонда НТБ ТПУ | ||
| 464 | |t Стихотворения и эпиграммы | ||
| 464 | |t Паломничество Чайльд-Гарольда |o Отрывки | ||
| 464 | |t Гяур |o Отрывки | ||
| 464 | |t Корсар | ||
| 464 | |t Сонет Шильону | ||
| 464 | |t Шильонский узник | ||
| 464 | |t Беппо |o С сокр. | ||
| 464 | |t Каин |o Отрывки | ||
| 464 | |t Видение суда |o С сокр. | ||
| 464 | |t Бронзовый век |o Отрывки | ||
| 464 | |t Дон-Жуан |o Отрывки | ||
| 675 | |a 82 |z rus | ||
| 700 | 1 | |a Байрон |b Дж. Н. Г. |c английский поэт |f 1788-1824 |g Джордж Ноэл Гордон |2 stltpush |3 (RuTPU)RU\TPU\pers\9270 |9 1826 | |
| 702 | 1 | |a Усова |b Г. |4 080 | |
| 702 | 1 | |a Великголова |b Б. Б. |4 440 | |
| 801 | 0 | |a RU |b RuMRKP |c 19950417 |g psbo | |
| 801 | 1 | |a RU |b 63413507 |c 20050909 |g PSBO | |
| 801 | 2 | |a RU |b 63413507 |c 20211222 |g PSBO | |
| 942 | |c BK | ||